Statistics for Top 10 Filipino cities by population

Click here to take the quiz!

General Stats

  • This quiz has been taken 116 times
  • The average score is 5 of 10

Answer Stats

HintAnswer% Correct
1,780,148Manila
93%
922,611Cebu City
86%
2,936,116Quezon City
75%
1,632,588Davao City
74%
755,300Pasig
32%
804,915Taguig
25%
1,583,978Caloocan
23%
861,799Zamboanga City
20%
675,950Cagayan de Oro
17%
776,386Antipolo
7%

Score Distribution

Percentile by Number Answered

Percent of People with Each Score

Your Score History

You have not taken this quiz